000
00344nam a22001577a 4500
003
OSt
005
20211229131029.0
008
211229b |||||||| |||| 00| 0 eng d
020
_a
0672316315
040
_c
HU
082
_a
005.133
100
_a
Jaworski Jamie
_9
26047
245
_a
Java 2 Platform
300
_f
1424
942
_2
ddc
_c
BOOKS
_n
0
999
_c
24968
_d
24968